| 000 | 00658cab a2200253 4500 | ||
|---|---|---|---|
| 001 | WB3411-48 | ||
| 008 | 090401t1998 xxu||||| |||| 00| 0 eng d | ||
| 035 | _a(Sirsi) u85026 | ||
| 041 | _aeng | ||
| 245 | _aParis homes | ||
| 260 | _c1998 | ||
| 350 | _a0 | ||
| 490 |
_aFinancial Times _v16 March 1998, 29(1) |
||
| 520 | _aAdvice on buying residential property in Paris. Map of areas and average prices. | ||
| 650 | _aFRANCE | ||
| 650 | _aHOUSE PRICES | ||
| 650 | _aOVERSEAS PROPERTY | ||
| 650 | _aPARIS | ||
| 650 | _aRESIDENTIAL INVESTMENT | ||
| 650 | _aRESIDENTIAL MARKET | ||
| 690 | _aOVERSEAS-EUROPE | ||
| 942 | _n0 | ||
| 948 | _c18/03/1998 | ||
| 999 |
_c53449 _d53449 |
||